000 00614nam a22001937a 4500
005 20260311124833.0
008 260311b |||||||| |||| 00| 0 eng d
037 _cDSWL
040 _aDSWL
_cDSWL
041 _hHindi
084 _aY35(X4122).2451 Q4
100 _aरवि, राजेंद्र
_91131654
245 _aसाईकिल रिक्शा का साम्राज्य
260 _aNew Delhi,
_bIDS,
_c2014
300 _a449p
365 _aINR
_b259
942 _2CC
_cTEXL
_hY35(X4122).2451 Q4
_n0
999 _c1715116
_d1715116